<?xml version="1.0" encoding="UTF-8"?><?xml-stylesheet type="text/xsl" href="static/style.xsl"?><OAI-PMH xmlns="http://www.openarchives.org/OAI/2.0/" xmlns:xsi="http://www.w3.org/2001/XMLSchema-instance" xsi:schemaLocation="http://www.openarchives.org/OAI/2.0/ http://www.openarchives.org/OAI/2.0/OAI-PMH.xsd"><responseDate>2026-04-26T20:26:36Z</responseDate><request verb="GetRecord" identifier="oai:uvadoc.uva.es:10324/8096" metadataPrefix="marc">https://uvadoc.uva.es/oai/request</request><GetRecord><record><header><identifier>oai:uvadoc.uva.es:10324/8096</identifier><datestamp>2021-06-29T10:26:43Z</datestamp><setSpec>com_10324_38</setSpec><setSpec>col_10324_852</setSpec></header><metadata><record xmlns="http://www.loc.gov/MARC21/slim" xmlns:doc="http://www.lyncode.com/xoai" xmlns:xsi="http://www.w3.org/2001/XMLSchema-instance" xmlns:dcterms="http://purl.org/dc/terms/" xsi:schemaLocation="http://www.loc.gov/MARC21/slim http://www.loc.gov/standards/marcxml/schema/MARC21slim.xsd">
<leader>00925njm 22002777a 4500</leader>
<datafield tag="042" ind1=" " ind2=" ">
<subfield code="a">dc</subfield>
</datafield>
<datafield tag="720" ind1=" " ind2=" ">
<subfield code="a">Magdaleno Santamaría, Miguel</subfield>
<subfield code="e">author</subfield>
</datafield>
<datafield tag="260" ind1=" " ind2=" ">
<subfield code="c">2014</subfield>
</datafield>
<datafield tag="520" ind1=" " ind2=" ">
<subfield code="a">El objeto de estudio del presente trabajo de investigación será el análisis de la imagen&#xd;
de Valladolid que se proyecta en Familiar Spanish Travels, libro de viajes publicado&#xd;
por el critico y escritor realista norteamericano William Dean Howells en 1913, tras su&#xd;
breve estancia en España en 1911. Con este objetivo, el ensayo se dividirá en cuatro&#xd;
apartados: (1) una base teórica esencial para entender la obra de Howells – abarcará las&#xd;
nociones de literatura de viajes, Orientalismo español e Hispanismo en los Estados&#xd;
Unidos; (2) un acercamiento biográfico al autor en relación con su pasion por España&#xd;
(apartado basado en tanto en fuentes externas como en el comentario de Familiar&#xd;
Spanish Travels: “Capítulo I. Acercamientos Autobiográficos” de Howells; (3) el&#xd;
análisis y comentario crítico de la imagen de Valladolid en el libro; y (4) la presentación&#xd;
de conclusiones.</subfield>
</datafield>
<datafield tag="024" ind2=" " ind1="8">
<subfield code="a">http://uvadoc.uva.es/handle/10324/8096</subfield>
</datafield>
<datafield ind1=" " ind2=" " tag="653">
<subfield code="a">Howells, William Dean - Conocimientos - España</subfield>
</datafield>
<datafield ind1=" " ind2=" " tag="653">
<subfield code="a">Valladolid (España) en la literatura</subfield>
</datafield>
<datafield tag="245" ind1="0" ind2="0">
<subfield code="a">The Image of Valladolid in William Dean Howells’ Familiar Spanish Travels (1913): Romanticism or Realism?</subfield>
</datafield>
</record></metadata></record></GetRecord></OAI-PMH>